Ante campaña empresarial-solidarista: sindicatos bananeros unifican esfuerzos /

Сохранить в:
Библиографические подробности
Главный автор: Ramírez F., Eduardo
Формат: Текст
Метки: Добавить метку
Нет меток, Требуется 1-ая метка записи!

MARC

LEADER 00000 a a2200000 04500
001 1376
003
040
100 |a Ramírez F., Eduardo  
245 |a Ante campaña empresarial-solidarista: sindicatos bananeros unifican esfuerzos /  |c Eduardo Ramírez F. 
773 |g número 60; páginas 10-11  
999 |c 30570  |d 30570